Responses for Show #2257 - Tuesday, May 31, 1994

Contestants

[<< previous game]

Cheryl Mikuly, a teacher from Ramstein Air Base in Germany

Steve Berlin, an attorney from Chicago, Illinois

Dave Maley, a public relations specialist from Ithaca, New York (whose 2-day cash winnings total $23,200)

[next game >>]

Jeopardy! Round responses

HISTORIC GREECE
CLASSIC TELEVISION
ETIQUETTE
ANATOMY
NEWSPAPERS
QUOTATIONS
    $100 4
Socrates

Dave
    $100 1
Howdy Doody

Cheryl
    $100 14
white

Cheryl
    $100 2
the trachea

Dave
    $100 9
Paris

Dave
    $100 16
(Cheryl: What is the onion?)

garlic

DaveCheryl
    $200 6
the Oracle

Dave
    $200 3
(Dave: What is House Calls?)
(Steve: What is Dr. Kildare?)

Ben Casey

DaveSteveCheryl
    $200 24
napkins

Dave
    $200 20
your muscles

Triple Stumper
    $200 10
Tennessee

Dave
    $200 17
money

Cheryl
    $300 15
Sparta

Dave
    $300 5
Peter Gunn

Cheryl
    $300 28
tea

Dave
    $300 21
(Dave: What are the intestines?)
(Alex: Hmm... I'll ask you to be more specific; I'll give you one shot at it.)
(Dave: What is the... large intestine?)
(Cheryl: What is the stomach?)

the small intestine

DaveSteveCheryl
    $300 11
the Miami Herald

Steve
    $300 25
a camel

Dave
    $400 18
Philip of Macedon

Cheryl
    $400 7
(Steve: What is Agatha?)

Endora

DaveSteve
    $400 29
the best man

Cheryl
    $400 22
the ball of the foot

Dave
    $400 12
the Tribune

Dave
    $400 26
Phyllis Diller

Steve
    $500 19
Thessalonika

Steve
    $500 8
(Dave: Who is Andy Griffith?)

Sheriff Andy Taylor

Dave
Triple Stumper
    $500 30
her dad (her father)

Cheryl
    $500 23
the carotid artery

Cheryl
    $500 13
the St. Louis Post-Dispatch

Dave
    $500 27
Los Angeles

Steve

Scores at the first commercial break (after clue 14):

Dave Steve Cheryl
$1,300 -$300 $700

Scores at the end of the Jeopardy! Round:

Dave Steve Cheryl
$2,600 $1,400 $2,300

Double Jeopardy! Round responses

1939
LANGUAGES
ARTISTS
CONGRESS
PENINSULAS
THEATRE HISTORY
    $200 16
Antarctica

Steve
    $200 1
India

Dave
    $200 6
Andy Warhol

Steve
    $200 11
Dan Quayle

Steve
    $200 22
Australia

Dave
    $200 21
Japan

Cheryl
    $400 17
Charles Lindbergh

Steve
    $400 2
Latin

Dave
    $400 7
Toulouse-Lautrec

Cheryl
    $400 12
a treaty

Dave
    $400 24
the Yucatan

Steve
    $400 23
(Dave: What is Ulysses?)

The Iliad

DaveCheryl
    $600 18
Franco

Steve
    $600 3
German

Cheryl
    $600 8
Verona

Cheryl
    $600 13
the Judiciary Committee

Steve
    $600 25
the Arabian Peninsula

Steve
    $600 28
the Kennedy Center

Dave
    $800 19
(Steve: Who is John Cardinal Cody?)

Cardinal Spellman

Steve
Triple Stumper
    $800 4
(Steve: What is Pakistan?)

Bangladesh

SteveCheryl
    $800 9
(Steve: What is New York?)

Washington, D.C

DaveSteve
    $500 14
(Steve: I should have gone for more, what is [*]?)

the House Ways & Means Committee

Steve
    $800 26
the Malay Peninsula

Steve
    $800 29
Chekhov

Cheryl
    $1000 20
[Laughter]

Frankfurter

Dave
    $1000 5
CuraƧao

Dave
    $1,000 10
(Dave: Who is Degas?)

Marcel Duchamp

Dave
    $1000 15
La Follette

Dave
    $1000 27
(Steve: Um, what the, um... oh, um...)

Gallipoli

Steve
Triple Stumper
    $1000 30
Queen Elizabeth I

Steve

Scores at the end of the Double Jeopardy! Round:

Dave Steve Cheryl
$6,800 $3,500 $6,100

[wagering suggestions for these scores]

Final Jeopardy! Round responses

AUTHORS
SteveWho was L.M. Alcott?
$0
CherylWho was Charlotte Bronte?
$6,099
DaveWho was Louisa May Alcott
$5,401
Louisa May Alcott

Final scores:

Dave Steve Cheryl
$12,201 $3,500 $1
3-day champion: $35,401 2nd place: trip on TWA to San Juan, Puerto Ricl & stay at Holiday Inn Crowne Plaza + Jeopardy! home game 3rd place: Helbros his & hers watches + Jeopardy! home game

Game dynamics:

Coryat scores:

Dave Steve Cheryl
$7,800 $3,800 $6,100
23 R
(including 1 DD),
5 W
(including 1 DD)
16 R
(including 1 DD),
6 W
16 R,
2 W

Combined Coryat: $17,700

[game clues] [game scores] [suggest correction]

Game tape date: 1994-02-01
The J! Archive is created by fans, for fans. Scraping, republication, monetization, and malicious use prohibited; this site may use cookies and collect identifying information. See terms. The Jeopardy! game show and all elements thereof, including but not limited to copyright and trademark thereto, are the property of Jeopardy Productions, Inc. and are protected under law. This website is not affiliated with, sponsored by, or operated by Jeopardy Productions, Inc. Join the discussion at JBoard.tv.